| 000 | 00758nam a2200253Ia 4500 | ||
|---|---|---|---|
| 003 | OSt | ||
| 005 | 20220925213334.0 | ||
| 006 | a|||||r|||| 00| 0 | ||
| 007 | ta | ||
| 008 | 220923b |||||||| |||| 00| 0 eng d | ||
| 020 | _a521 07719 2 | ||
| 037 | _cGeneral Book | ||
| 040 |
_aRTL _cRTL _beng |
||
| 041 |
_2eng _aeng |
||
| 082 | _aX:31-8F.3.N7, L0 | ||
| 100 | _aBrown A J | ||
| 245 | 0 | _aAnatomy of regional activity rates2 Woodward (V H) | |
| 260 |
_aLondon _bCambridge University Press _c1970 |
||
| 300 |
_axiv, 176p _ccm. |
||
| 490 | _aNational Institute of Economic and social Research, regional papers, 1 | ||
| 650 | _aNational Income | ||
| 942 |
_hX:31-8F.3.N7, L0 _cGB _2CC |
||
| 999 |
_c562606 _d562606 |
||